logo

Bir Sreshtho Munshi Abdur Rouf Library
Jhenaidah Cadet College

সৈয়দ মুজতবা আলী : (Record no. 13928)

MARC details
000 -LEADER
fixed length control field 00744nam a22002177a 4500
001 - CONTROL NUMBER
JCCL Control Number 13928
003 - CONTROL NUMBER IDENTIFIER
JCCL marc code BD-JhCC
005 - DATE AND TIME OF LATEST TRANSACTION
control field 20240516090458.0
008 - FIXED-LENGTH DATA ELEMENTS--GENERAL INFORMATION
fixed length control field 171031s1990 bg |||| |||| 000 0 b d
035 ## - SYSTEM CONTROL NUMBER
system control number (BD-JhCC)13928
040 ## - CATALOGING SOURCE
Original cataloging agency BD-JhCC
Modifying agency BD-JhCC
041 ## - LANGUAGE CODE
Language code of Book bengali
082 ## - DEWEY DECIMAL CLASSIFICATION NUMBER
Classification number 928
Author mark and Year KHA 1990
100 ## - MAIN ENTRY--PERSONAL NAME
Personal name খান, নুরুর রহমান
245 ## - TITLE STATEMENT
Title সৈয়দ মুজতবা আলী :
Remainder of title জীবনকথা /
Statement of responsibility, etc নুরুর রহমান খান
260 ## - PUBLICATION, DISTRIBUTION, ETC. (IMPRINT)
Place of publication, distribution, etc ঢাকা :
Name of publisher, distributor, etc বাংলা একাডেমী ঢাকা,
Date of publication, distribution, etc ১৯৯০.
300 ## - PHYSICAL DESCRIPTION
Pagination 390 পৃ. :
Dimensions ২২ সেমি.
650 ## - SUBJECT ADDED ENTRY--TOPICAL TERM
Topical term or geographic name as entry element Literary,
Geographic subdivision artistic and musical personalities
942 ## - ADDED ENTRY ELEMENTS (KOHA)
Source of classification or shelving scheme Dewey Decimal Classification
Koha item type Books
Holdings
Source of classification or shelving scheme Damaged status Not for loan Home library Current library Shelving location Date of accession Cost, normal purchase price Total Checkouts Full call number Barcode Date last seen Copy number Method of acquisition Koha item type Currency
Dewey Decimal Classification     JCC Rouf Library JCC Rouf Library General Stacks   215.00   928 KHA 1990 19532 05/16/2024 C-1 Purchase Books BDT

JCC Library | Contacts | JCC Home

Last Update on 23 September 2017
Copyright @ 2017-2020 JCC Rouf Library
Rouf Library, Jhenidah Cadet College (JCC), Bangladesh